| 000 | 00595nam a2200241 a 4500 | ||
|---|---|---|---|
| 001 | nice12345678 | ||
| 003 | IN_TiNIC | ||
| 005 | 20260116011953.0 | ||
| 008 | 050524s1961 lona grp 000 0 eng | ||
| 020 |
_a _c3.8 |
||
| 082 | 0 | 0 |
_a203 _bLAN |
| 100 | _aLanczkowski, Gunter | ||
| 245 |
_aSacred Writings _b a Guide to the Literature of Religions. |
||
| 260 |
_aLondon _bCollins _c1961 |
||
| 300 | _a191p | ||
| 500 | _aincludes index and biblioraphy | ||
| 505 | 2 | _aIndex | |
| 650 | _aSacred Books | ||
| 700 | 1 | _aLanczkowski, Gunter | |
| 902 | _bSRS | ||
| 942 | _cBK | ||
| 999 |
_c5115 _d5115 |
||